[Event "Pion Frigant U1700"]
[Site "Contrecoeur CAN"]
[Date "2023.10.08"]
[Round "4.26"]
[White "Remy-Chynchuck, Lindel"]
[Black "Sun, Jonathan"]
[Result "1-0"]
[WhiteElo "1679"]
[BlackElo "1358"]
[PlyCount "63"]
[EventDate "2023.10.06"]
[EventType "swiss"]
[EventRounds "5"]
[EventCountry "CAN"]

1. Nf3 d6 2. b3 Nf6 3. d3 g6 4. Bb2 Bg7 5. Nbd2 O-O 6. e4 e5 7. Be2 Nc6 8. Nf1
Nh5 9. g3 Bh6 10. Ne3 Ng7 11. O-O Ne6 12. c3 f5 13. Nd5 f4 14. d4 g5 15. g4 Bg7
16. dxe5 dxe5 17. Ba3 Rf7 18. Bc4 h5 19. Ne7+ Nxe7 20. Qxd8+ Nxd8 21. Bxe7 Nc6
22. Nxg5 Nxe7 23. Bxf7+ Kf8 24. Bxh5 Nc6 25. Rfd1 b6 26. h4 Ke7 27. Rd2 Ba6 28.
Rad1 Bc8 29. f3 a5 30. a4 Rb8 31. Bg6 b5 32. Bf5 1-0

[Event "Pion Frigant U1700"]
[Site "Contrecoeur CAN"]
[Date "2023.10.08"]
[Round "4.27"]
[White "Wu, Ting En Ryan"]
[Black "Tang-Han, Sean"]
[Result "1/2-1/2"]
[WhiteElo "1529"]
[BlackElo "1280"]
[PlyCount "80"]
[EventDate "2023.10.06"]
[EventType "swiss"]
[EventRounds "5"]
[EventCountry "CAN"]

1. e4 e5 2. Nf3 Nc6 3. Bc4 Nf6 4. d3 Bc5 5. c3 h6 6. O-O O-O 7. a4 a5 8. Nbd2
d6 9. Re1 Be6 10. Ba2 Bxa2 11. Rxa2 d5 12. Ra1 dxe4 13. Nxe4 Nxe4 14. Rxe4 Re8
15. Re1 Qf6 16. Qb3 Bb6 17. Be3 Ra6 18. Nd2 Qe6 19. Qc2 f5 20. Bxb6 Rxb6 21.
Nc4 Ra6 22. Rad1 Raa8 23. Qb3 b6 24. d4 Rad8 25. d5 Rxd5 26. Rxd5 Qxd5 27. Nxa5
Qxb3 28. Nxb3 Ra8 29. Ra1 Kf7 30. f3 Ke6 31. Kf2 Kd5 32. Ke3 Na5 33. Nxa5 Rxa5
34. b3 b5 35. Rd1+ Ke6 36. axb5 Rxb5 37. b4 c5 38. bxc5 Rxc5 39. Rd3 Rc4 40.
Kd2 Ra4 1/2-1/2

[Event "Pion Frigant U1700"]
[Site "Contrecoeur CAN"]
[Date "2023.10.08"]
[Round "4.28"]
[White "Mourad, Michel"]
[Black "Dufresne, Maxime"]
[Result "1/2-1/2"]
[WhiteElo "1591"]
[BlackElo "1458"]
[PlyCount "110"]
[EventDate "2023.10.06"]
[EventType "swiss"]
[EventRounds "5"]
[EventCountry "CAN"]

1. d4 Nf6 2. c4 g6 3. Nc3 d5 4. Bg5 Bg7 5. Bxf6 Bxf6 6. cxd5 e6 7. dxe6 Bxe6 8.
e3 O-O 9. Nf3 c5 10. Ne4 cxd4 11. Nxf6+ Qxf6 12. Qxd4 Qe7 13. Be2 Nc6 14. Qh4
Qb4+ 15. Qxb4 Nxb4 16. Nd4 Bxa2 17. O-O Rfc8 18. Rfc1 a6 19. Rc3 Bd5 20. Rac1
Rxc3 21. Rxc3 Nc6 22. Nb3 Bxb3 23. Rxb3 Rc8 24. Rxb7 Na5 25. Rd7 Rc1+ 26. Rd1
Rc2 27. Bxa6 Rxb2 28. g3 Nc6 29. Rd7 Rb6 30. Be2 Kf8 31. Kg2 Rb2 32. Bf3 Ne5
33. Rb7 Rxb7 34. Bxb7 h6 35. h3 g5 36. f4 Ng6 37. Kf3 f6 38. Kg4 Kg7 39. Kf5
Nh8 40. Bf3 Ng6 41. Ke6 Nf8+ 42. Kf5 Ng6 43. Ke4 Ne7 44. Bh5 Kf8 45. g4 Kg7 46.
Kd4 Kf8 47. Kc5 Nc8 48. Kc6 Ke7 49. Kd5 Nd6 50. fxg5 hxg5 51. Bg6 Nc8 52. Bh5
Nb6+ 53. Kc5 Na4+ 54. Kd4 Kd6 55. Ke4 Nc3+ 1/2-1/2

[Event "Pion Frigant U1700"]
[Site "Contrecoeur CAN"]
[Date "2023.10.08"]
[Round "4.29"]
[White "Laperle, Benjamin"]
[Black "Beland, Stephane"]
[Result "1/2-1/2"]
[WhiteElo "1392"]
[BlackElo "1585"]
[PlyCount "69"]
[EventDate "2023.10.06"]
[EventType "swiss"]
[EventRounds "5"]
[EventCountry "CAN"]

1. e4 c6 2. c4 d5 3. exd5 cxd5 4. cxd5 Nf6 5. Nc3 Nxd5 6. Nf3 Nxc3 7. bxc3 e6
8. d4 Qc7 9. Bd2 Bd6 10. Bd3 Bd7 11. Qc2 h6 12. O-O Bc6 13. Be4 Bxe4 14. Qxe4
Nd7 15. c4 Nf6 16. Qc2 O-O 17. h3 Rfd8 18. Be3 Rac8 19. c5 b6 20. Rac1 bxc5 21.
dxc5 Bf4 22. Bxf4 Qxf4 23. Qc4 Qc7 24. Rfd1 Rxd1+ 25. Rxd1 Nd7 26. c6 Nb6 27.
Qc5 Qxc6 28. Rd8+ Kh7 29. Qf8 Qc1+ 30. Kh2 Rxd8 31. Qxd8 Qf4+ 32. Kg1 Qc1+ 33.
Kh2 Qf4+ 34. Kg1 Qc1+ 35. Kh2 1/2-1/2

[Event "Pion Frigant U1700"]
[Site "Contrecoeur CAN"]
[Date "2023.10.08"]
[Round "4.30"]
[White "Chen, Chen"]
[Black "Bouchard, Alexandre"]
[Result "0-1"]
[WhiteElo "1544"]
[BlackElo "1420"]
[PlyCount "68"]
[EventDate "2023.10.06"]
[EventType "swiss"]
[EventRounds "5"]
[EventCountry "CAN"]

1. e4 e5 2. Nf3 Nf6 3. Nc3 Nc6 4. Bc4 Bc5 5. d3 h6 6. Be3 Bxe3 7. fxe3 d6 8. h3
Be6 9. Bb3 Bxb3 10. axb3 O-O 11. O-O d5 12. exd5 Nxd5 13. e4 Ne3 14. Qd2 Nxf1
15. Rxf1 f5 16. Re1 a6 17. Nd1 Qd6 18. exf5 Rxf5 19. Ne3 Rf7 20. Nc4 Qc5+ 21.
Kh1 Re7 22. Re4 Rae8 23. Qe1 b5 24. Ne3 Nd4 25. Qg3 Nxf3 26. gxf3 Rf8 27. b4
Qc6 28. d4 Ref7 29. Qxe5 Rxf3 30. d5 Qf6 31. Qh2 Qxb2 32. Re7 Qc1+ 33. Qg1
Rxh3+ 34. Kg2 Rg3+ 0-1

[Event "Pion Frigant U1700"]
[Site "Contrecoeur CAN"]
[Date "2023.10.08"]
[Round "4.31"]
[White "Laporte, Michel"]
[Black "Banger, Sartag"]
[Result "0-1"]
[WhiteElo "1517"]
[BlackElo "1542"]
[PlyCount "55"]
[EventDate "2023.10.06"]
[EventType "swiss"]
[EventRounds "5"]
[EventCountry "CAN"]

1. d4 d5 2. Bf4 Nf6 3. e3 c5 4. c3 Nc6 5. Bd3 Qb6 6. b3 Bg4 7. Qc2 cxd4 8. exd4
Nxd4 9. cxd4 Qxd4 10. Bb5+ Bd7 11. Bxd7+ Nxd7 12. Bd2 Qxa1 13. Bc3 Rc8 14. Kd2
Rxc3 15. Nxc3 e6 16. Nb5 Bb4+ 17. Ke2 Qe1+ 18. Kf3 O-O 19. Nxa7 Ne5+ 20. Kg3
Bd6 21. Nb5 Ng6+ 22. Nxd6 Qe5+ 23. Kf3 Qxd6 24. g3 d4 25. h4 Qd5+ 26. Qe4 Ne5+
27. Kf4 Nd3+ 28. Kf3 0-1

[Event "Pion Frigant U1700"]
[Site "Contrecoeur CAN"]
[Date "2023.10.08"]
[Round "4.32"]
[White "Hu, Richard"]
[Black "Blouin, Francois"]
[Result "1/2-1/2"]
[WhiteElo "1531"]
[BlackElo "1417"]
[PlyCount "106"]
[EventDate "2023.10.06"]
[EventType "swiss"]
[EventRounds "5"]
[EventCountry "CAN"]

1. e4 d5 2. exd5 Qxd5 3. d4 b6 4. Nc3 Qd8 5. Nf3 Bb7 6. Be3 Nf6 7. Be2 e6 8.
O-O Be7 9. h3 O-O 10. a4 Nc6 11. Na2 Nd5 12. c3 f6 13. b4 a6 14. Qb3 Qd6 15.
Bc4 Nd8 16. Rfe1 Kh8 17. Rad1 Qd7 18. Qc2 b5 19. Bb3 Nf7 20. a5 Nd6 21. Qe2
Rae8 22. Bd2 Bd8 23. Nc1 Qc6 24. Qd3 Ne4 25. Bc2 g6 26. Nh4 f5 27. Nf3 Bf6 28.
Na2 Nd6 29. Bh6 Rf7 30. Bb3 Rfe7 31. Bg5 Bxg5 32. Ne5 Nxb4 33. Qg3 Bf4 34. Nxc6
Bxg3 35. Nxe7 Nxa2 36. Bxa2 Ne4 37. Nxg6+ hxg6 38. fxg3 Bd5 39. Bxd5 exd5 40.
Rd3 Rb8 41. Rb1 Re8 42. Re3 Rd8 43. g4 Kg7 44. gxf5 gxf5 45. g4 f4 46. Rd3 Rf8
47. Rf1 Kg6 48. Kg2 Kg5 49. Rh1 Kh4 50. Rf1 Kg5 51. Kh2 Rf6 52. Kg2 Kh4 53.
Rff3 Kg5 1/2-1/2

[Event "Pion Frigant U1700"]
[Site "Contrecoeur CAN"]
[Date "2023.10.08"]
[Round "4.33"]
[White "Gagnon, Derek"]
[Black "Zhao, Alex"]
[Result "0-1"]
[WhiteElo "1506"]
[BlackElo "1197"]
[PlyCount "46"]
[EventDate "2023.10.06"]
[EventType "swiss"]
[EventRounds "5"]
[EventCountry "CAN"]

1. d4 d5 2. c4 e6 3. Nc3 Nf6 4. Nf3 dxc4 5. e4 Bb4 6. Bg5 h6 7. Bxf6 Qxf6 8.
Bxc4 c5 9. O-O cxd4 10. e5 Qe7 11. Nxd4 Bxc3 12. bxc3 O-O 13. Qg4 Nd7 14. Kh1
Nxe5 15. Qe2 Nxc4 16. Qxc4 Bd7 17. Rfe1 Rac8 18. Qb3 b6 19. Rad1 Bc6 20. Nxe6
fxe6 21. Rxe6 Qf7 22. Rdd6 Bxg2+ 23. Kxg2 Qxf2+ 0-1

[Event "Pion Frigant U1700"]
[Site "Contrecoeur CAN"]
[Date "2023.10.08"]
[Round "4.34"]
[White "Renaud, Max-Etienne"]
[Black "Nguyen, Danny"]
[Result "0-1"]
[WhiteElo "1347"]
[BlackElo "1426"]
[PlyCount "78"]
[EventDate "2023.10.06"]
[EventType "swiss"]
[EventRounds "5"]
[EventCountry "CAN"]

1. e4 c6 2. Nf3 d5 3. Nc3 dxe4 4. Nxe4 Nf6 5. Nxf6+ exf6 6. d4 Bd6 7. Bd3 O-O
8. O-O Bg4 9. Re1 Nd7 10. h3 Bxf3 11. Qxf3 Qc7 12. Bd2 Rfe8 13. h4 Nf8 14. h5
Nd7 15. h6 g6 16. c4 Rad8 17. Rac1 c5 18. d5 f5 19. Bc3 Ne5 20. Bxe5 Bxe5 21.
b3 Qe7 22. Qh3 Qg5 23. g3 Bf4 24. Rxe8+ Rxe8 25. Rd1 Qxh6 26. Qxh6 Bxh6 27. a3
Bg7 28. Rb1 Bd4 29. b4 b6 30. b5 Kg7 31. Kg2 h5 32. Rh1 Kf6 33. Kf3 Kg5 34. Rh3
Re1 35. a4 Ra1 36. Kg2 Ra2 37. Rh1 Rxf2+ 38. Kh3 Rf3 39. Re1 Rxd3 0-1

[Event "Pion Frigant U1700"]
[Site "Contrecoeur CAN"]
[Date "2023.10.08"]
[Round "4.35"]
[White "Matte, Jean-Michel"]
[Black "Lamontagne, Damien"]
[Result "0-1"]
[WhiteElo "1410"]
[BlackElo "1362"]
[PlyCount "86"]
[EventDate "2023.10.06"]
[EventType "swiss"]
[EventRounds "5"]
[EventCountry "CAN"]

1. d4 d5 2. c4 e6 3. Nc3 Nf6 4. cxd5 exd5 5. Bg5 Bb4 6. Qb3 Bxc3+ 7. bxc3 c6 8.
e3 h6 9. Bh4 Nbd7 10. Bd3 Qa5 11. Qb4 Qxb4 12. cxb4 a5 13. b5 g5 14. Bg3 c5 15.
dxc5 Nxc5 16. Be2 Bf5 17. Be5 Ncd7 18. Bd4 Ke7 19. Nf3 Rac8 20. O-O Rc7 21.
Rfc1 Rhc8 22. Rxc7 Rxc7 23. Ne1 Ne8 24. Bb2 Nd6 25. Rc1 Rxc1 26. Bxc1 Nb6 27.
Bd3 Bxd3 28. Nxd3 Nxb5 29. Nc5 Nd6 30. Bb2 Nbc4 31. Bd4 b5 32. Kf1 Nf5 33. Nb3
a4 34. Bc5+ Kd7 35. Nd4 Nxd4 36. exd4 Ke6 37. Ke2 Na5 38. Ke3 Nc6 39. a3 Kf5
40. Kd3 b4 41. Kd2 b3 42. Kc3 Na5 43. Kb2 Ke4 0-1

[Event "Pion Frigant U1700"]
[Site "Contrecoeur CAN"]
[Date "2023.10.08"]
[Round "4.36"]
[White "Breton, Jules"]
[Black "Morais, Antoine"]
[Result "0-1"]
[WhiteElo "1399"]
[BlackElo "1531"]
[PlyCount "114"]
[EventDate "2023.10.06"]
[EventType "swiss"]
[EventRounds "5"]
[EventCountry "CAN"]

1. d4 Nf6 2. c4 g6 3. Nc3 Bg7 4. Nf3 O-O 5. e4 d6 6. h3 Nc6 7. Be3 e6 8. Be2
Re8 9. O-O a5 10. a3 e5 11. d5 Nd4 12. Re1 Bd7 13. Bf1 Nxf3+ 14. Qxf3 Nh5 15.
g3 Rf8 16. Qg2 f5 17. Be2 f4 18. Bxh5 fxe3 19. Rxe3 gxh5 20. Rf1 Kh8 21. Kh2
Qg5 22. h4 Qg6 23. Ne2 Bh6 24. Rb3 b6 25. f3 Rf7 26. Ng1 Rg8 27. Ne2 Bf4 28.
Rg1 Qf6 29. Nxf4 exf4 30. Kh1 Rxg3 31. Qh2 Rh3 32. Qxh3 Bxh3 33. Rg5 Rg7 34.
Rxh5 Rg3 35. Kh2 Bg4 36. Rg5 Bxf3 37. Rxg3 fxg3+ 38. Kxg3 Bxe4 39. Rc3 Qd4 40.
Kg4 Bd3+ 41. Kg5 Bxc4 42. h5 Qxd5+ 43. Kf6 c6 44. Ke7 a4 45. h6 b5 46. Kd7 c5
47. Re3 Qf5+ 48. Kc6 Kg8 49. Re8+ Kf7 50. Rd8 Kg6 51. Rxd6+ Qf6 52. Rxf6+ Kxf6
53. Kxc5 Kg6 54. Kd4 Kxh6 55. Kc3 Kg5 56. b3 axb3 57. a4 bxa4 0-1

[Event "Pion Frigant U1700"]
[Site "Contrecoeur CAN"]
[Date "2023.10.08"]
[Round "4.37"]
[White "St-Laurent, Luc"]
[Black "Zlotnikov, Jonathan"]
[Result "1/2-1/2"]
[WhiteElo "1315"]
[BlackElo "1466"]
[PlyCount "35"]
[EventDate "2023.10.06"]
[EventType "swiss"]
[EventRounds "5"]
[EventCountry "CAN"]

1. d4 Nf6 2. Nf3 g6 3. g3 Bg7 4. Bg2 d6 5. O-O O-O 6. b3 Nbd7 7. Bb2 Re8 8. c4
c6 9. Nc3 e5 10. dxe5 Nxe5 11. Nxe5 dxe5 12. Qxd8 Rxd8 13. Rfd1 Be6 14. Rxd8+
Rxd8 15. Rd1 Rd4 16. e3 Rxd1+ 17. Nxd1 Nd7 18. e4 1/2-1/2

[Event "Pion Frigant U1700"]
[Site "Contrecoeur CAN"]
[Date "2023.10.08"]
[Round "4.38"]
[White "Bergeron, Jean-Guy"]
[Black "Fallet, Maurice"]
[Result "1-0"]
[WhiteElo "1430"]
[BlackElo "1348"]
[PlyCount "49"]
[EventDate "2023.10.06"]
[EventType "swiss"]
[EventRounds "5"]
[EventCountry "CAN"]

1. c4 e5 2. g3 Nf6 3. Bg2 c6 4. d4 e4 5. Nc3 d5 6. cxd5 cxd5 7. Bg5 Be6 8. Nh3
Nbd7 9. Qa4 Be7 10. Bxf6 Bxf6 11. Nf4 Qb6 12. Ncxd5 Qd8 13. Nxe6 fxe6 14. Nxf6+
gxf6 15. Bxe4 Qb6 16. O-O f5 17. Bg2 Rc8 18. Rac1 Ke7 19. Qa3+ Kf6 20. e3 Nb8
21. b3 Na6 22. Qb2 Ke7 23. d5 exd5 24. Bxd5 Nb4 25. Qe5+ 1-0

[Event "Pion Frigant U1700"]
[Site "Contrecoeur CAN"]
[Date "2023.10.08"]
[Round "4.39"]
[White "Hake, Dylan"]
[Black "Poulin, Richard"]
[Result "0-1"]
[WhiteElo "1289"]
[BlackElo "1405"]
[PlyCount "67"]
[EventDate "2023.10.06"]
[EventType "swiss"]
[EventRounds "5"]
[EventCountry "CAN"]

1. e4 e5 2. Nf3 Nf6 3. Nxe5 d6 4. Nf3 Nxe4 5. d3 Nf6 6. d4 d5 7. Bd3 Nc6 8. O-O
Bg4 9. Re1+ Be7 10. c3 O-O 11. h3 Bh5 12. Bf4 Bd6 13. Bxd6 Qxd6 14. Nbd2 Rfe8
15. Qc2 Ne7 16. Re3 Bg6 17. Rae1 Bxd3 18. Qxd3 Ng6 19. Rxe8+ Nxe8 20. Ne5 c6
21. Qe3 Nc7 22. Qf3 Rf8 23. Re3 Ne7 24. Qe2 Ne6 25. Nd3 b6 26. Nf3 Ng6 27. Nfe5
Ne7 28. g3 Ng5 29. Kg2 Nf5 30. Nf4 Ne4 31. Rd3 g6 32. g4 Ng5 33. h4 Ne6 34. Re3
0-1

[Event "Pion Frigant U1700"]
[Site "Contrecoeur CAN"]
[Date "2023.10.08"]
[Round "4.40"]
[White "Roy, Nicholas"]
[Black "Hebert, Pierre"]
[Result "1/2-1/2"]
[WhiteElo "997"]
[BlackElo "1399"]
[PlyCount "49"]
[EventDate "2023.10.06"]
[EventType "swiss"]
[EventRounds "5"]
[EventCountry "CAN"]

1. d4 Nf6 2. Nf3 e6 3. g3 d5 4. Bg2 c5 5. O-O Nc6 6. c4 cxd4 7. Nxd4 Be7 8.
Nxc6 bxc6 9. cxd5 cxd5 10. Nc3 O-O 11. Qb3 Qb6 12. Be3 Qxb3 13. axb3 a6 14. Bf4
Bd7 15. e4 dxe4 16. Nxe4 Nd5 17. Bd6 Bxd6 18. Nxd6 Bb5 19. Nxb5 axb5 20. b4
Rab8 21. Rfc1 Nxb4 22. Bf1 Nd5 23. b4 Nxb4 24. Rc5 Nd5 25. Rxb5 1/2-1/2

[Event "Pion Frigant U1700"]
[Site "Contrecoeur CAN"]
[Date "2023.10.08"]
[Round "4.41"]
[White "Sonko, Babacar"]
[Black "Perron, Bernard"]
[Result "1-0"]
[WhiteElo "1581"]
[BlackElo "1075"]
[PlyCount "27"]
[EventDate "2023.10.06"]
[EventType "swiss"]
[EventRounds "5"]
[EventCountry "CAN"]

1. e4 e5 2. d4 Nc6 3. Nf3 exd4 4. Bc4 f6 5. c3 Ne5 6. Nxe5 fxe5 7. Qh5+ g6 8.
Qxe5+ Qe7 9. Qxh8 Qxe4+ 10. Kd1 Qxg2 11. Re1+ Kd8 12. Qxg8 Qg4+ 13. Be2 Qf5 14.
Bg5+ 1-0

[Event "Pion Frigant U1700"]
[Site "Contrecoeur CAN"]
[Date "2023.10.08"]
[Round "5.25"]
[White "Remy-Chynchuck, Lindel"]
[Black "Masse, Etienne"]
[Result "0-1"]
[WhiteElo "1679"]
[BlackElo "1446"]
[PlyCount "164"]
[EventDate "2023.10.06"]
[EventType "swiss"]
[EventRounds "5"]
[EventCountry "CAN"]

1. d3 d5 2. Nd2 c5 3. e4 Nc6 4. Ngf3 e5 5. g3 Nf6 6. Bg2 dxe4 7. dxe4 Be7 8.
O-O O-O 9. c3 h6 10. Qc2 Be6 11. Re1 b5 12. Nf1 Qb6 13. Nh4 Rfd8 14. Ne3 Rac8
15. Nef5 Bf8 16. h3 c4 17. Be3 Qc7 18. Rad1 a5 19. g4 Nh7 20. Nf3 Rxd1 21. Rxd1
Rd8 22. g5 Rxd1+ 23. Qxd1 Bxf5 24. exf5 e4 25. Nd2 Nxg5 26. Bxg5 hxg5 27. Nxe4
Qf4 28. Qg4 Qc1+ 29. Kh2 Ne5 30. Qxg5 Qxg5 31. Nxg5 Nd3 32. Bc6 b4 33. Bd5 Nxb2
34. cxb4 axb4 35. Bxf7+ Kh8 36. Ne4 c3 37. Bb3 Nd3 38. Ng5 Ne1 39. Nf7+ Kh7 40.
Ng5+ Kh6 41. Nf7+ Kh5 42. Bd1+ Kh4 43. f4 c2 44. Bxc2 Nxc2 45. Ng5 Be7 46. Ne6
Bf6 47. Kg2 Ne3+ 48. Kf3 Nd5 49. Ke4 Nc3+ 50. Kd3 Nxa2 51. Kc4 Kxh3 52. Kb3 Nc3
53. Kxb4 Kg4 54. Kc4 Kxf5 55. Nxg7+ Bxg7 56. Kc5 Kxf4 57. Kc4 Ke4 58. Kc5 Bd4+
59. Kd6 Nd5 60. Ke6 Nf4+ 61. Kd6 Bf2 62. Kc6 Ke5 63. Kc7 Kd5 64. Kb7 Ne6 65.
Kc8 Kc6 66. Kb8 Nc7 67. Kc8 Ba7 68. Kd8 Nd5 69. Kc8 Ne7+ 70. Kd8 Kd6 71. Ke8
Ke6 72. Kd8 Bb6+ 73. Ke8 Nf5 74. Kf8 Ba5 75. Ke8 Ng7+ 76. Kf8 Kf6 77. Kg8 Kg6
78. Kf8 Bb4+ 79. Kg8 Nf5 80. Kh8 Ba3 81. Kg8 Nh6+ 82. Kh8 Bb2# 0-1

[Event "Pion Frigant U1700"]
[Site "Contrecoeur CAN"]
[Date "2023.10.08"]
[Round "5.26"]
[White "Mai, Tue-Chan"]
[Black "Wu, Ting En Ryan"]
[Result "1-0"]
[WhiteElo "1616"]
[BlackElo "1529"]
[PlyCount "127"]
[EventDate "2023.10.06"]
[EventType "swiss"]
[EventRounds "5"]
[EventCountry "CAN"]

1. d4 d5 2. Nc3 Nf6 3. Bf4 Bf5 4. e3 c6 5. f3 h6 6. g4 Bh7 7. h4 h5 8. g5 Ng8
9. Bd3 Bxd3 10. Qxd3 e6 11. O-O-O Bd6 12. Bxd6 Qxd6 13. e4 Ne7 14. Nge2 g6 15.
f4 Nd7 16. exd5 exd5 17. Rdf1 O-O-O 18. Ng3 Rhf8 19. f5 Kc7 20. Rf3 a6 21. Re1
b5 22. Nce2 c5 23. c3 c4 24. Qc2 Rfe8 25. Qd2 Nc6 26. Nf4 b4 27. fxg6 fxg6 28.
Nge2 a5 29. Rff1 Ne7 30. Ng3 Nc6 31. Rxe8 Rxe8 32. Qg2 Ne7 33. Qe2 bxc3 34.
bxc3 Qa3+ 35. Qb2 Qa4 36. Ne6+ Kc6 37. Nc5 Nxc5 38. dxc5 Kxc5 39. Rf6 Nc6 40.
Ne2 Re3 41. Kd2 Rd3+ 42. Ke1 Qd1+ 43. Kf2 Rd2 44. Qa3+ Kb5 45. Re6 Qc2 46. Qd6
Rxe2+ 47. Rxe2 Qf5+ 48. Ke1 Qb1+ 49. Kf2 Qf5+ 50. Kg1 Qg4+ 51. Rg2 Qd1+ 52. Kh2
Qe1 53. a4+ Ka6 54. Qxc6+ Ka7 55. Qc5+ Ka6 56. Qb5+ Ka7 57. Qxa5+ Kb7 58. Rb2+
Kc8 59. Qa8+ Kd7 60. Rb7+ Kd6 61. Qa6+ Ke5 62. Re7+ Kf4 63. Qf6+ Kg4 64. Rxe1
1-0

[Event "Pion Frigant U1700"]
[Site "Contrecoeur CAN"]
[Date "2023.10.08"]
[Round "5.27"]
[White "Banger, Sartag"]
[Black "Bouchard, Alexandre"]
[Result "1-0"]
[WhiteElo "1542"]
[BlackElo "1420"]
[PlyCount "61"]
[EventDate "2023.10.06"]
[EventType "swiss"]
[EventRounds "5"]
[EventCountry "CAN"]

1. e4 e5 2. Nf3 Nf6 3. Nxe5 d6 4. Nf3 Nxe4 5. d4 d5 6. Bd3 Nc6 7. c4 Be7 8. h3
O-O 9. O-O Bf6 10. cxd5 Qxd5 11. Nc3 Nxc3 12. bxc3 Bf5 13. Bf4 Bxd3 14. Qxd3
Qa5 15. Rfb1 Rab8 16. Rb5 Qa6 17. Bxc7 Rbc8 18. Bf4 Rfd8 19. Qb1 b6 20. Ng5 g6
21. Ne4 Bg7 22. Nd6 Nxd4 23. cxd4 Rxd6 24. Bxd6 Bxd4 25. Be5 Bxa1 26. Bxa1 Qa3
27. Bb2 Qa4 28. Qd3 Re8 29. Qc3 Qd1+ 30. Kh2 Qd6+ 31. g3 1-0

[Event "Pion Frigant U1700"]
[Site "Contrecoeur CAN"]
[Date "2023.10.08"]
[Round "5.28"]
[White "Tang-Han, Sean"]
[Black "Mourad, Michel"]
[Result "1/2-1/2"]
[WhiteElo "1280"]
[BlackElo "1591"]
[PlyCount "88"]
[EventDate "2023.10.06"]
[EventType "swiss"]
[EventRounds "5"]
[EventCountry "CAN"]

1. e4 e5 2. Nf3 Nf6 3. Nxe5 d6 4. Nf3 Nxe4 5. Qe2 Qe7 6. d3 Nf6 7. Nc3 Bg4 8.
Be3 a6 9. h3 Bd7 10. Bg5 Qxe2+ 11. Bxe2 Be7 12. O-O Nc6 13. d4 h6 14. Bxf6 Bxf6
15. Nd5 Bd8 16. Rfe1 O-O 17. Bd3 Be6 18. Nc3 Nb4 19. Rad1 Nxd3 20. Rxd3 d5 21.
Ne5 c6 22. Na4 Bf5 23. Rd2 f6 24. Nd3 Ba5 25. c3 Rfe8 26. Re3 Rxe3 27. fxe3 b5
28. Nac5 Bb6 29. Kf2 Bxd3 30. Nxd3 a5 31. a3 Kf7 32. g4 Rh8 33. Nf4 Bc7 34. b3
Bxf4 35. exf4 Re8 36. f5 Re4 37. Re2 Rxe2+ 38. Kxe2 Ke7 39. Kf3 Kf7 40. h4 Ke7
41. Ke3 Kd7 42. Kf4 Kd6 43. b4 a4 44. g5 h5 1/2-1/2

[Event "Pion Frigant U1700"]
[Site "Contrecoeur CAN"]
[Date "2023.10.08"]
[Round "5.29"]
[White "Beland, Stephane"]
[Black "Lamontagne, Damien"]
[Result "1/2-1/2"]
[WhiteElo "1585"]
[BlackElo "1362"]
[PlyCount "64"]
[EventDate "2023.10.06"]
[EventType "swiss"]
[EventRounds "5"]
[EventCountry "CAN"]

1. Nf3 d5 2. c4 c6 3. e3 Bg4 4. cxd5 Bxf3 5. Qxf3 cxd5 6. Bb5+ Nc6 7. b3 e6 8.
Bb2 Nge7 9. Na3 Nf5 10. Rc1 Rc8 11. Nc2 Nd6 12. Bd3 f6 13. Qh5+ Nf7 14. O-O Bd6
15. Qg4 Ng5 16. h4 h5 17. Bg6+ Kd7 18. Bxh5 f5 19. Qe2 Nf3+ 20. Qxf3 Qxh4 21.
g3 Qxh5 22. Qxh5 Rxh5 23. Kg2 Be5 24. d4 Bd6 25. Ba3 Rhh8 26. Bxd6 Kxd6 27. Rh1
g5 28. Rxh8 Rxh8 29. Ne1 e5 30. dxe5+ Nxe5 31. Nf3 Ng4 32. Rc2 Rh5 1/2-1/2

[Event "Pion Frigant U1700"]
[Site "Contrecoeur CAN"]
[Date "2023.10.08"]
[Round "5.30"]
[White "Dufresne, Maxime"]
[Black "Laperle, Benjamin"]
[Result "0-1"]
[WhiteElo "1458"]
[BlackElo "1392"]
[PlyCount "72"]
[EventDate "2023.10.06"]
[EventType "swiss"]
[EventRounds "5"]
[EventCountry "CAN"]

1. c4 Nf6 2. Nf3 g6 3. Nc3 Bg7 4. d4 O-O 5. e4 d6 6. Be2 e5 7. d5 Nh5 8. Nxe5
Bxe5 9. Bxh5 gxh5 10. Qxh5 Qf6 11. Ne2 Bxb2 12. Bxb2 Qxb2 13. O-O Qf6 14. f4
Qg6 15. Qf3 Bg4 16. Qe3 Bxe2 17. Qxe2 Nd7 18. Rf3 Kh8 19. Raf1 f6 20. f5 Qe8
21. Rh3 Rf7 22. Rf4 Rg7 23. Rh6 Qf7 24. Rfh4 Rf8 25. Qe3 b6 26. Qh3 Qe7 27. Rg6
Rff7 28. Rgh6 Qe5 29. Rg6 Qd4+ 30. Kf1 Qxc4+ 31. Kg1 Qd4+ 32. Kf1 Qa1+ 33. Kf2
Qxa2+ 34. Kg1 Qe2 35. Qc3 Ne5 36. Qb3 Qe1# 0-1

[Event "Pion Frigant U1700"]
[Site "Contrecoeur CAN"]
[Date "2023.10.08"]
[Round "5.31"]
[White "Nguyen, Danny"]
[Black "Sun, Jonathan"]
[Result "1-0"]
[WhiteElo "1426"]
[BlackElo "1358"]
[PlyCount "58"]
[EventDate "2023.10.06"]
[EventType "swiss"]
[EventRounds "5"]
[EventCountry "CAN"]

1. e4 d6 2. d4 Nf6 3. Nc3 g6 4. Nf3 Bg7 5. Be2 O-O 6. O-O Nbd7 7. e5 dxe5 8.
dxe5 Ng4 9. e6 fxe6 10. Ng5 Ndf6 11. Bxg4 Nxg4 12. Qxg4 h6 13. Nf3 Kh7 14. Qg3
c6 15. Bf4 Qe8 16. Be5 Qf7 17. Rad1 c5 18. Bxg7 Qxg7 19. Qe5 b6 20. Qxg7+ Kxg7
21. Rfe1 Ba6 22. Rxe6 Rfe8 23. Ne5 Rad8 24. Rxg6+ Kh7 25. Rxd8 Rxd8 26. Re6 Rd2
27. Rxe7+ Kg8 28. g3 Rxc2 29. Nd5 Kf8 1-0

[Event "Pion Frigant U1700"]
[Site "Contrecoeur CAN"]
[Date "2023.10.08"]
[Round "5.32"]
[White "Zhao, Alex"]
[Black "Chen, Chen"]
[Result "1/2-1/2"]
[WhiteElo "1197"]
[BlackElo "1544"]
[PlyCount "139"]
[EventDate "2023.10.06"]
[EventType "swiss"]
[EventRounds "5"]
[EventCountry "CAN"]

1. e4 e5 2. Nf3 Nc6 3. Nc3 Nf6 4. Bb5 Bc5 5. Bxc6 dxc6 6. h3 h6 7. d3 Be6 8.
O-O Qd6 9. a3 a6 10. Be3 Bb6 11. Bxb6 cxb6 12. d4 exd4 13. e5 Qc7 14. Nxd4 Nd5
15. Nxe6 fxe6 16. Nxd5 cxd5 17. Qg4 Qe7 18. f4 O-O-O 19. c3 Rdf8 20. Rad1 Rf5
21. Qe2 Rhf8 22. Rd4 Qc5 23. Kh2 g5 24. g3 Qe7 25. c4 dxc4 26. Qxc4+ Kb8 27.
Rd6 gxf4 28. Rxf4 Rxe5 29. Rxe6 Rxf4 30. Rxe7 Rxc4 31. Rxe5 Rc2+ 32. Kg1 Rxb2
33. Re3 Kc7 34. g4 b5 35. h4 b4 36. g5 hxg5 37. h5 bxa3 38. Rxa3 Rb6 39. Rg3
Rh6 40. Rxg5 Rh7 41. Kf2 Kd6 42. Ke3 Ke6 43. Kd4 Kf6 44. Rg6+ Kf5 45. Rb6 Kg5
46. Kc5 Kxh5 47. Kb4 Rc7 48. Kb3 Kg5 49. Re6 Kf5 50. Rd6 Ke5 51. Rb6 Kd5 52.
Rh6 Kc5 53. Rh5+ Kb6 54. Rh6+ Kb5 55. Rh5+ Rc5 56. Rh7 b6 57. Rh4 a5 58. Rg4
a4+ 59. Ka3 Rc3+ 60. Kb2 Rh3 61. Rg5+ Kb4 62. Rg4+ Ka5 63. Rg5+ b5 64. Rg4 Rh2+
65. Kb1 a3 66. Ka1 b4 67. Kb1 Ka4 68. Ka1 Rc2 69. Kb1 Kb3 70. Rxb4+ 1/2-1/2

[Event "Pion Frigant U1700"]
[Site "Contrecoeur CAN"]
[Date "2023.10.08"]
[Round "5.33"]
[White "Poulin, Richard"]
[Black "Hu, Richard"]
[Result "0-1"]
[WhiteElo "1405"]
[BlackElo "1531"]
[PlyCount "81"]
[EventDate "2023.10.06"]
[EventType "swiss"]
[EventRounds "5"]
[EventCountry "CAN"]

1. e4 c5 2. Nc3 d6 3. g3 Nf6 4. Bg2 g6 5. d3 Bg7 6. f4 O-O 7. Nf3 Nc6 8. O-O
Bd7 9. h3 Qc8 10. Kh2 a6 11. Rb1 Rb8 12. Be3 b5 13. g4 b4 14. Ne2 h5 15. g5 Nh7
16. Nh4 e6 17. Ng3 Ne7 18. Qe2 d5 19. Qf2 d4 20. Bd2 f5 21. gxf6 Bxf6 22. Nf3
Bg7 23. e5 Nd5 24. Nh4 Ne7 25. Ne4 Rd8 26. Qg3 Nf8 27. Nd6 Qc7 28. Be4 Be8 29.
Rg1 Nf5 30. Bxf5 gxf5 31. Nxe8 Rxe8 32. Nf3 Nh7 33. h4 Qf7 34. Qh3 Kh8 35. Ng5
Nxg5 36. hxg5 Qg6 37. Qf3 Red8 38. Rg3 Kg8 39. Rh3 Kf7 40. Kg2 c4 41. dxc4 {...
} 0-1